Countries by ChatGPT Descriptions #1 - Statistics

General Stats
  • This quiz has been taken 60 times
  • The average score is 9 of 12
Answer Stats
Hint Answer % Correct
This nation is renowned for its historic cities, including one with a leaning tower, while also offering delectable pasta and pizza, all surrounded by a boot-shaped peninsula. Italy
100%
This island nation enchants with its lush green landscapes, rugged coastlines, and a rich tapestry of Celtic traditions, known for its warm hospitality, literary heritage, and pub culture. Ireland
92%
Found at the southern tip of a continent, it boasts diverse wildlife and striking landscapes, from the Big Five to penguins, encompassing deserts, savannas, and lush vineyards. South Africa
92%
Located in Southeast Asia, it entices with vibrant street markets, ornate temples, and tropical beauty, making it a top choice for cultural experiences and beach lovers. Thailand
83%
Located in South America, it's known for tango, beef, and stunning landscapes that encompass everything from the Andes mountains to the vast pampas. Argentina
79%
It's celebrated for its breathtaking scenery, including fjords and mountains, as well as its Maori culture, making it a paradise for outdoor enthusiasts and cultural explorers. New Zealand
72%
Situated in Eastern Europe, it has a rich history and is famous for its medieval towns, hearty cuisine, and a tragic past marked by World War II and the Cold War. Poland
72%
It features colorful colonial towns, lush coffee plantations, and rainforests, with both Pacific and Caribbean coasts offering a rich blend of cultures and ecosystems. Colombia
70%
Situated in Southeast Asia, it's an archipelago of thousands of islands, known for pristine beaches, diverse marine life, and a mix of cultures shaped by trade and colonization. Philippines
66%
Located in Central America, it lures with rainforests, active volcanoes, and pristine beaches, offering a prime destination for eco-tourism and adventure seekers. Costa Rica
64%
Found in East Africa, it's known for ancient history, diverse cultures, and breathtaking landscapes, including the Great Rift Valley and rugged mountains. Ethiopia
47%
In West Africa, it boasts a vibrant culture, colorful markets, lively music, and diverse landscapes, including savannas and coastal areas. Senegal
40%
No matching quizzes found
Score Distribution
Percent of People with Each Score
Percentile by Number Answered
Your Score History
You have not taken this quiz